00516nam a2200181Ia 450000500170000000800410001708200130005824500390007125000090011026000370011930000120015665000140016865000090018270000280019194200060021995200940022599900150031920240517025258.0240331s9999 xx 000 0 und d bLENa335 0aLenin :blast letters and articles a5 th aMoscowbProgress Publisherc1977 a71 p ., aPolitical aLaws aSoviet Republicalseedt cL 001040708LaWERCLbWERCLcSSCd2024-03-31l0o 335 LENp428r2024-03-31w2024-03-31yL c2759d2759